|
|
|
|
| LEADER |
00000nam0a2200000 4500 |
| 001 |
322897 |
| 005 |
20231102003522.0 |
| 010 |
|
|
|a 9785699401338
|
| 035 |
|
|
|a (RuTPU)RU\TPU\book\348455
|
| 090 |
|
|
|a 322897
|
| 100 |
|
|
|a 20161006d2015 km y0rusy50 ca
|
| 101 |
0 |
|
|a rus
|
| 102 |
|
|
|a RU
|
| 105 |
|
|
|a a e 000zy
|
| 200 |
1 |
|
|a Толковый словарь русского языка
|e иллюстрированное издание
|f В. И. Даль
|
| 210 |
|
|
|a Москва
|c Э
|d 2015
|
| 215 |
|
|
|a 893 с.
|c ил.
|
| 225 |
1 |
|
|a Российская императорская библиотека
|
| 330 |
|
|
|a «Толковый словарь живого великорусского языка» В. И. Даля — национальная гордость России, подлинный шедевр русской словесности. Здесь представлены окаю 200 тысяч слов и не менее 30 тысяч пословиц и поговорок. Перед вами — первое современное иллюстрированное издание этого единственного в своем роде памятника отечественной словарной науки. Многочисленные иллюстрации — образы национальной истории, богатый предметный мир культуры нашего народа — делают этот уникальный словарь истинной энциклопедией русской жизни. «...Составитель словаря не указчик языку, а служитель, раб его; это же можно сказать о всяком писателе: напишешь пером, не вырубишь топором. Сколько можно было собрать речений, посвящая весь свой досуг сбору и обработке русских слов, столько внесено в словарь, и с умыслу не упущено ни одного... С языком шутить нельзя: словесная речь человека — это видимая, осязательная связь между душой и телом, духом и плотью...»
|
| 606 |
1 |
|
|a Русский язык
|x Толковые словари
|2 stltpush
|3 (RuTPU)RU\TPU\subj\26391
|9 50331
|
| 610 |
1 |
|
|a лексика
|
| 610 |
1 |
|
|a лексикография
|
| 610 |
1 |
|
|a иллюстрированные словари
|
| 610 |
1 |
|
|a толковые словари
|
| 686 |
|
|
|a Ш141.2-42
|v LBC/SL-A
|2 rubbk
|
| 700 |
|
1 |
|a Даль
|b В. И.
|c русский писатель, лексикограф, этнограф
|c член-корреспондент Петербургской Академии наук
|f 1801-1872
|g Владимир Иванович
|2 stltpush
|3 (RuTPU)RU\TPU\pers\10607
|9 2283
|
| 801 |
|
1 |
|a RU
|b 63413507
|c 20161006
|
| 801 |
|
2 |
|a RU
|b 63413507
|c 20161013
|g RCR
|
| 801 |
|
1 |
|a RU
|b 63413507
|c 20161006
|
| 942 |
|
|
|c BK
|